000 00295nam a22001337a 4500
008 180919b xxu||||| |||| 00| 0 eng d
020 _a9781455733606
041 _aeng
080 _a610
100 _a5
101 _aANE
245 _aAnesthesiology Clinics
_cFleisher.l.A
942 _2udc
_cBK
999 _c47977
_d47977